[Event "Challenge"]
[Site "http://www.queenalice.com/game.php?id=1362684"]
[Date "2015.5.31"]
[Round "-"]
[White "REIDID93"]
[Black "pafolius"]
[Result "0-1"]
[WhiteElo "1992"]
[BlackElo "1500"]

1. c4 e5 2. Nc3 Nc6 3. g3 Nf6 4. Bg2 Bc5 5. e3 O-O 6. Nge2 d6 7. O-O Bf5 8. d4
Bb6 9. a3 a5 10. b3 Qd7 11. Na4 Ba7 12. c5 dxc5 13. Nxc5 Bxc5 14. dxc5 Qe6 15.
Bd2 Rfd8 16. Nc3 Rd3 17. e4 Bh3 18. Qc2 Bxg2 19. Kxg2 Rad8 20. Nd5 Nxd5 21. exd5
Qxd5+ 0-1

[Event "Challenge"]
[Site "http://www.queenalice.com/game.php?id=1362687"]
[Date "2015.5.31"]
[Round "-"]
[White "pafolius"]
[Black "REIDID93"]
[Result "1-0"]
[WhiteElo "1500"]
[BlackElo "1992"]

1. e4 d5 2. exd5 Qxd5 3. Nc3 Qd6 4. d4 c6 5. Be3 Nf6 6. Nf3 Bg4 7. h3 Bh5 8. Be2
Nbd7 9. Qd2 e6 10. Bf4 Qb4 11. a3 Qxb2 12. O-O Qb6 13. Rfb1 Qd8 14. Rxb7 Nb6 15.
Ne5 Be7 16. Nxc6 Qc8 17. Rxe7+ Kf8 18. Rc7 Qe8 19. Bd6+ Kg8 20. Ne7+ Kf8 21.
Ned5+ Kg8 22. Nxf6+ gxf6 23. Ne4 Qd8 24. Qh6 Nd5 25. Bxh5 1-0

[Event "Challenge"]
[Site "http://www.queenalice.com/game.php?id=1364857"]
[Date "2015.6.11"]
[Round "-"]
[White "EdBrazil"]
[Black "pafolius"]
[Result "0-1"]
[WhiteElo "1278"]
[BlackElo "1500"]

1. d4 Nf6 2. Nf3 e6 3. Bg5 c5 4. c3 Nc6 5. d5 exd5 6. Bxf6 Qxf6 7. Qxd5 Be7 8.
g3 d6 9. Bg2 O-O 10. O-O Be6 11. Qd3 Rad8 12. h4 d5 13. Qb5 Bf5 14. Qxb7 Rb8 15.
Qc7 Rxb2 16. e3 Rd8 17. Qf4 Bd6 18. Qa4 Be5 19. Qa3 Rdb8 20. Nbd2 Bxc3 21. Qxc5
R8b5 22. Qa3 Ra5 23. Qb3 Rxb3 24. axb3 Rxa1 25. Rxa1 Bxa1 26. Ng5 Qc3 27. Bxd5
Qxd2 28. Bxc6 Qc1+ 29. Kg2 Qxc6+ 0-1

[Event "Challenge"]
[Site "http://www.queenalice.com/game.php?id=1369762"]
[Date "2015.7.4"]
[Round "-"]
[White "pafolius"]
[Black "frt"]
[Result "1-0"]
[WhiteElo "1545"]
[BlackElo "1477"]

1. e4 e5 2. Nf3 Qf6 3. Nc3 Bc5 4. Nd5 Qc6 5. Nxe5 Qd6 6. d4 Bb4+ 7. c3 Ba5 8.
Bf4 Qe6 9. Bc4 Qd6 10. Nxf7 Qg6 11. Nxh8 Qxg2 12. Qh5+ g6 13. Qe5+ Kd8 14. Nf7#
1-0

[Event "bategoll_283"]
[Site "http://www.queenalice.com/game.php?id=1373777"]
[Date "2015.7.27"]
[Round "-"]
[White "Bategoll"]
[Black "pafolius"]
[Result "0-1"]
[WhiteElo "1833"]
[BlackElo "1827"]

1. d4 d5 2. Nf3 Nf6 3. Nc3 c5 4. e3 Nc6 5. dxc5 e5 6. Be2 Bxc5 7. a3 Bb6 8. O-O
O-O 9. Bd2 Qe7 10. Rb1 Rd8 11. Re1 a6 12. Qc1 Ba7 13. b4 e4 14. Nd4 Nxd4 15.
exd4 Bxd4 16. Nd1 Bg4 17. Ne3 Bxe2 18. Rxe2 Be5 19. c4 d4 20. Nf1 e3 21. fxe3 d3
22. Rf2 Ne4 23. Rf3 Rac8 24. Ng3 Rxc4 25. Qd1 Bxg3 26. hxg3 Rc2 0-1

[Event "bategoll_284"]
[Site "http://www.queenalice.com/game.php?id=1373778"]
[Date "2015.7.27"]
[Round "-"]
[White "Bategoll"]
[Black "pafolius"]
[Result "0-1"]
[WhiteElo "1803"]
[BlackElo "1702"]

1. d4 Nf6 2. Nc3 d5 3. Nf3 a6 4. e3 e6 5. Bd3 c5 6. dxc5 Bxc5 7. Bd2 Nc6 8. Qe2
O-O 9. O-O Qc7 10. a3 b5 11. b4 Bd6 12. Rab1 Ne5 13. Nxe5 Bxe5 14. f4 Bxc3 15.
Bxc3 Qxc3 16. Rb3 Qc7 17. Rf3 e5 18. fxe5 Qxe5 19. Rg3 Nh5 20. Bxh7+ Kxh7 21.
Qd3+ Kg8 22. Rf3 Be6 0-1

[Event "bategoll_287"]
[Site "http://www.queenalice.com/game.php?id=1373781"]
[Date "2015.7.27"]
[Round "-"]
[White "pafolius"]
[Black "Bategoll"]
[Result "1-0"]
[WhiteElo "1790"]
[BlackElo "1833"]

1. e4 e5 2. Nf3 Nc6 3. Bb5 Nf6 4. O-O d6 5. d4 Bd7 6. d5 Nb8 7. Bd3 c5 8. h3 Be7
9. Nbd2 b5 10. b3 b4 11. a3 O-O 12. Qe2 a5 13. axb4 cxb4 14. Nc4 Be8 15. Be3
Nbd7 16. Qd2 Nc5 17. Bxc5 dxc5 18. Ncxe5 Bd6 19. Nc4 Qc7 20. e5 Bxe5 21. Nfxe5
Bb5 22. d6 Qb7 23. Nxa5 Qb6 24. Bxb5 Qxb5 25. Nac6 1-0

[Event "OS INCLIVEIS"]
[Site "http://www.queenalice.com/game.php?id=1374550"]
[Date "2015.7.30"]
[Round "-"]
[White "adelio"]
[Black "pafolius"]
[Result "0-1"]
[WhiteElo "1769"]
[BlackElo "1752"]

1. d4 Nf6 2. c4 e6 3. a3 d5 4. Nc3 c5 5. e3 Nc6 6. Be2 dxc4 7. Bxc4 cxd4 8. exd4
Qxd4 9. Nf3 Qxc4 10. Ng5 b6 11. Be3 Ne5 12. Qa4+ Qxa4 13. Nxa4 Nd3+ 14. Kd2 Ba6
15. Rhd1 Rc8 16. Bd4 Bd6 17. g3 e5 18. Bc3 Nxf2 19. Re1 O-O 20. h3 h6 21. Bxe5
Bxe5 22. Rxe5 hxg5 23. Nc3 Rfd8+ 24. Ke3 N2g4+ 25. hxg4 Nxg4+ 26. Ke4 Rc4+ 27.
Kf5 Nh6+ 28. Kxg5 Rg4+ 29. Kh5 Kh7 30. Rg5 g6+ 31. Rxg6 fxg6# 0-1

[Event "OS INCLIVEIS"]
[Site "http://www.queenalice.com/game.php?id=1374551"]
[Date "2015.7.30"]
[Round "-"]
[White "pafolius"]
[Black "adelio"]
[Result "1-0"]
[WhiteElo "1634"]
[BlackElo "1844"]

1. e4 a6 2. d4 c5 3. dxc5 Nc6 4. Nf3 e5 5. Bc4 Be7 6. Qd5 d6 7. Qxf7+ Kd7 8.
cxd6 Nh6 9. Bxh6 gxh6 10. Nc3 Qe8 11. Qe6+ Kd8 12. dxe7+ Qxe7 13. O-O-O+ Ke8 14.
Qxh6 Bd7 15. Nd5 Qf8 16. Nc7+ Kd8 17. Ne6+ Ke7 18. Nxf8 Raxf8 19. Qd6+ Kd8 20.
Qxd7# 1-0

[Event "Let's Play Chess!"]
[Site "http://www.queenalice.com/game.php?id=1381771"]
[Date "2015.9.9"]
[Round "-"]
[White "ztnilz"]
[Black "pafolius"]
[Result "0-1"]
[WhiteElo "1918"]
[BlackElo "1920"]

1. f4 d5 2. Nf3 c5 3. d4 cxd4 4. Nxd4 g6 5. e3 Bg7 6. Be2 Nc6 7. Nxc6 bxc6 8. c3
Nf6 9. O-O O-O 10. Bf3 Rb8 11. b3 Qb6 12. Kh1 Bf5 13. Bb2 Qxe3 14. Bc1 Qd3 15.
Qe1 Qa6 16. Bb2 Nd7 17. Nd2 Bd3 18. Rf2 e5 19. fxe5 Nxe5 20. Qd1 Rfe8 21. Be2
Qb6 22. Qg1 Bxe2 23. Rxe2 Qxg1+ 24. Rxg1 Nd3 25. Rxe8+ Rxe8 26. Ba1 Nf2# 0-1

[Event "Let's Play Chess!"]
[Site "http://www.queenalice.com/game.php?id=1381779"]
[Date "2015.9.9"]
[Round "-"]
[White "pafolius"]
[Black "ztnilz"]
[Result "1-0"]
[WhiteElo "1945"]
[BlackElo "1928"]

1. e4 c5 2. Nf3 d6 3. Bb5+ Bd7 4. Bxd7+ Nxd7 5. Nc3 e6 6. O-O Ngf6 7. a4 Be7 8.
d3 a6 9. Bf4 O-O 10. Qe2 e5 11. Bg5 Re8 12. a5 b6 13. axb6 Nxb6 14. Ra3 a5 15.
Bxf6 Bxf6 16. Rfa1 Nd7 17. Nd2 Nb8 18. Nc4 Nc6 19. Nd5 Be7 20. c3 Bf8 21. g3 Re6
22. Qd1 g6 23. b4 cxb4 24. cxb4 Re8 25. Nxa5 Nxa5 26. Rxa5 Rxa5 27. bxa5 Bg7 28.
a6 Qa8 29. Nc7 1-0

[Event "Let's Play Chess!"]
[Site "http://www.queenalice.com/game.php?id=1382051"]
[Date "2015.9.9"]
[Round "-"]
[White "GiulioTorino"]
[Black "pafolius"]
[Result "0-1"]
[WhiteElo "1967"]
[BlackElo "1889"]

1. Nf3 d5 2. c4 d4 3. e3 Nc6 4. c5 e5 5. Bb5 Bd7 6. O-O Bxc5 7. Bxc6 Bxc6 8.
Nxe5 Bxg2 9. Kxg2 Qg5+ 10. Kh1 Qxe5 11. Qg4 Nf6 12. Qg3 Qe4+ 13. f3 Qd3 14. Rg1
O-O-O 15. a3 Kb8 16. b4 Bd6 17. Qxg7 Rhg8 18. Qxf6 Qe2 19. Rg3 Qf1+ 0-1

[Event "Let's Play Chess!"]
[Site "http://www.queenalice.com/game.php?id=1382056"]
[Date "2015.9.9"]
[Round "-"]
[White "pafolius"]
[Black "GiulioTorino"]
[Result "1-0"]
[WhiteElo "1858"]
[BlackElo "1885"]

1. e4 d5 2. exd5 Qxd5 3. Nc3 Qd6 4. Nf3 Bg4 5. d4 Nc6 6. d5 Ne5 7. Qe2 Nxf3+ 8.
gxf3 Bh5 9. Nb5 Qb4+ 10. Bd2 Qxb2 11. Bc3 Qxc2 12. Qxc2 1-0

[Event "Challenge 3"]
[Site "http://www.queenalice.com/game.php?id=1387294"]
[Date "2015.10.4"]
[Round "-"]
[White "ztnilz"]
[Black "pafolius"]
[Result "0-1"]
[WhiteElo "1832"]
[BlackElo "1983"]

1. e4 e5 2. Nf3 Nc6 3. Bc4 Bc5 4. c3 Nf6 5. d4 exd4 6. b4 Bb6 7. e5 d5 8. exf6
dxc4 9. b5 O-O 10. O-O dxc3 11. Nxc3 Qxf6 12. Bb2 Ne5 13. Nxe5 Qxe5 14. Qf3 Qf5
15. Qxf5 Bxf5 16. Nd5 Bd3 17. Nxb6 axb6 18. Rfe1 f6 19. a4 Bc2 20. Re7 Bxa4 21.
Rxc7 Bxb5 22. Rd1 Bc6 23. Re1 Rfe8 0-1

[Event "Let's Play Chess!"]
[Site "http://www.queenalice.com/game.php?id=1396403"]
[Date "2015.11.29"]
[Round "-"]
[White "pafolius"]
[Black "Huevo"]
[Result "1-0"]
[WhiteElo "2015"]
[BlackElo "1967"]

1. e4 Nf6 2. e5 Nd5 3. Nf3 d6 4. c4 Nb6 5. Nc3 Bf5 6. d4 e6 7. exd6 cxd6 8. Bd3
Bg6 9. Bxg6 fxg6 10. O-O Be7 11. Re1 Qd7 12. d5 e5 13. c5 Nc4 14. Qe2 b5 15. b3
Na5 16. cxd6 Bxd6 17. Nxe5 Bxe5 18. Qxe5+ Kd8 19. Bg5+ Kc8 20. Ne4 Nb7 21. Rac1+
Nc6 22. Rxc6+ Qc7 23. Qxc7# 1-0

[Event "Let's Play Chess!"]
[Site "http://www.queenalice.com/game.php?id=1396404"]
[Date "2015.11.29"]
[Round "-"]
[White "Huevo"]
[Black "pafolius"]
[Result "0-1"]
[WhiteElo "1970"]
[BlackElo "1996"]

1. e4 c5 2. Nf3 d6 3. d4 cxd4 4. Nxd4 Nf6 5. Nc3 a6 6. f3 e5 7. Nb3 Be6 8. Bg5
Be7 9. Qd2 O-O 10. O-O-O Nbd7 11. Bxf6 Nxf6 12. h4 Qc7 13. h5 Rac8 14. g4 d5 15.
g5 Nxe4 0-1

[Event "Let's Play Chess!"]
[Site "http://www.queenalice.com/game.php?id=1396405"]
[Date "2015.11.29"]
[Round "-"]
[White "pafolius"]
[Black "igorjava"]
[Result "1-0"]
[WhiteElo "2032"]
[BlackElo "1920"]

1. e4 c5 2. Nf3 d6 3. d4 cxd4 4. Nxd4 Nf6 5. Nc3 a6 6. h3 Nc6 7. Be3 e5 8. Nb3
Be7 9. Be2 b5 10. a4 bxa4 11. Rxa4 O-O 12. O-O a5 13. Qd2 Nb4 14. Nxa5 Rxa5 15.
Rxb4 Ba6 16. Bb6 Qc8 17. Bxa5 Bxe2 18. Qxe2 d5 19. Nxd5 Nxd5 20. exd5 Bxb4 21.
Bxb4 Re8 22. c4 e4 23. c5 1-0

[Event "Let's Play Chess!"]
[Site "http://www.queenalice.com/game.php?id=1396406"]
[Date "2015.11.29"]
[Round "-"]
[White "igorjava"]
[Black "pafolius"]
[Result "0-1"]
[WhiteElo "1929"]
[BlackElo "2045"]

1. e4 c5 2. Nf3 d6 3. d4 cxd4 4. Nxd4 Nf6 5. Nc3 a6 6. a4 e5 7. Nf3 Be6 8. Be2
Be7 9. O-O O-O 10. Bd3 h6 11. h3 Qc7 12. Qd2 Nc6 13. Ne2 d5 14. Ng3 Rad8 15. Qe1
Nxe4 16. Nxe4 dxe4 17. Bxe4 Bc4 18. Bd3 Bxd3 19. cxd3 Rxd3 20. Bd2 f5 21. Qe2
Rfd8 22. Rac1 e4 23. Rxc6 bxc6 24. Re1 exf3 25. Qxe7 Qxe7 0-1